000 00675nam a2200289Ia 4500
005 20260324114721.0
008 008 260324s9999 xx 000 0 eng d
020 _a9781003140894
037 _aEBOOK
040 _aCRL
040 _beng
040 _cCRL
041 _2eng
041 _aeng
084 _qCRL
100 _aStephan P. Kudyba
_91151885
245 0 _aHealthcare Informatics
245 0 _bStrategies for the Digital Era
260 _bTaylor and Francis
260 _c2021
365 _a
365 _b130
856 _uhttp://www.taylorfrancis.com/books/9781003140894
942 _cEBOOK
999 _c1742223
_d1742223